000 01563nam a2200205Ia 4500
001 18095
003 GE_BSU
008 181216s||||||||xx |||||||||||||| ||und||
040 _cGE_BSU
080 _a811.353.1(063)
245 _aII საერთაშორისო სიმპოზიუმი "იბერიულ-კავკასიური ენათმეცნიერება: მემკვიდრეობა და პერსპექტივები
245 _cმთ.რედ. ლ.აზმაიფარაშვილი
260 _aთბილისი
300 _a524გვ.25სმ.
520 _aეძღვნება არნოლდ ჩიქობავას დაბადების 110 წლისთავს. ზესათ.: საქ. მეცნ. ეროვნ. აკად., ენათმეცნ. ინ-ტი, თსუ, საქ. განათლ. და მეცნ. სამინ.. პარალ სათ. რუს ენ.
541 _h25ლ.
653 _aII საერთაშორისო სიმპოზიუმი "იბერიულ-კავკასიური ენათმეცნიერება: მემკვიდრეობა და პერსპექტივები
653 _aქართველური ენები; ქართული ენა; კავკასიური ენები; იბერიულ-კავკასიური ენათმეცნიერება
942 _cBK
999 _c51138
_d51138